American politics : (Record no. 26191)

MARC details
000 -LEADER
fixed length control field 01104cam a22002535a 4500
001 - CONTROL NUMBER
control field 17382153
005 - DATE AND TIME OF LATEST TRANSACTION
control field 20180227151209.0
008 - FIXED-LENGTH DATA ELEMENTS--GENERAL INFORMATION
fixed length control field 120711t2013 enka frb 001 0 eng d
020 ## - INTERNATIONAL STANDARD BOOK NUMBER
International Standard Book Number 9780195373851
040 ## - CATALOGING SOURCE
Original cataloging agency DLC
Transcribing agency DLC
Modifying agency DLC
-- EG-ScBUE
Language of cataloging eng
043 ## - GEOGRAPHIC AREA CODE
Geographic area code n-us---
082 04 - DEWEY DECIMAL CLASSIFICATION NUMBER
Edition number 22
Classification number 320.473
Item number VAL
100 1# - MAIN ENTRY--PERSONAL NAME
Personal name Valelly, Richard M.
245 10 - TITLE STATEMENT
Title American politics :
Remainder of title a very short introduction /
Statement of responsibility, etc Richard M. Valelly.
260 ## - PUBLICATION, DISTRIBUTION, ETC. (IMPRINT)
Place of publication, distribution, etc Oxford ;
-- New York :
Name of publisher, distributor, etc Oxford University Press,
Date of publication, distribution, etc c.2013.
300 ## - PHYSICAL DESCRIPTION
Extent xv, 136 p. :
Other physical details ill. ;
Dimensions 18 cm.
490 0# - Series Statement
Series statement Very short introductions ;
Volume/sequential designation 350
504 ## - BIBLIOGRAPHY, ETC. NOTE
Bibliography, etc Includes bibliographical references and index.
505 0# - FORMATTED CONTENTS NOTE
Formatted contents note Elements of American democracy -- The presidency -- Congress and its bicameralism -- The legislative-executive process -- The Supreme Court -- Bureaucracy -- Public opinion and its influence -- Political parties and democratic choice -- The partisan revival -- Politics in the new gilded age.
650 ## - SUBJECT ADDED ENTRY--TOPICAL TERM
Source of heading or term BUEsh
651 #7 - SUBJECT ADDED ENTRY--GEOGRAPHIC NAME
Geographic name United States
General subdivision Politics and government.
Source of heading or term BUEsh
9 (RLIN) 40379
653 ## - INDEX TERM--UNCONTROLLED
Resource For college Generalities
-- BAEPS, Political Science
Arrived date list February2018
942 ## - ADDED ENTRY ELEMENTS (KOHA)
Source of classification or shelving scheme Dewey Decimal Classification
Holdings
Withdrawn status Item status Source of classification or shelving scheme Damaged status Not for loan Vendor Home library Current library Shelving location Date acquired Source of acquisition Cost, normal purchase price Serial Enumeration / chronology Total Checkouts Full call number Barcode Date last seen Cost, replacement price Koha item type
    Dewey Decimal Classification     Baccah Central Library Central Library First floor 27/02/2018 Purchase 104.00 21201   320.473 VAL 000047299 15/07/2025 130.00 Book - Borrowing